|
|
|
|
| LEADER |
00890nam a2200229 a 4500 |
| 001 |
000345649 |
| 003 |
CZ BrMZK |
| 005 |
20230605143902.0 |
| 007 |
ta |
| 008 |
980105s1987 ru f rus d |
| 040 |
|
|
|a BOA001
|b cze
|
| 080 |
|
|
|a 82.09
|2 MRF
|
| 100 |
1 |
|
|a Taufer, Jiří,
|d 1911-1986
|7 jk01132099
|4 aut
|
| 245 |
1 |
0 |
|a Sud‘by i sveršenija :
|b chudožestvennaja publicistika /
|c Irži Taufer ; sost. i avt. predisl. L.N. Budagova
|
| 260 |
|
|
|a Moskva :
|b Progress,
|c 1987
|
| 300 |
|
|
|a 348 s.
|
| 490 |
1 |
|
|a Zarubežnaja chudožestvennaja publicistika i dokumental‘naja proza
|
| 700 |
1 |
|
|a Budagova, Ljudmila Norajrovna,
|d 1932-2022
|7 jx20090723002
|4 wfw
|4 com
|
| 830 |
|
0 |
|a Zarubežnaja chudožestvennaja publicistika i dokumental‘naja proza
|
| 910 |
|
|
|a BOA001
|b 2-0945.011
|
| 990 |
|
|
|a BK
|
| 996 |
7 |
|
|b 2619338815
|c 2-0945.011
|l MZK
|r Sklad / do 1 hodiny
|n 0
|w 000345649
|u 000010
|a 1
|e BOA001
|j MZK50
|s A
|